| 000 | 00553nam a2200169 i 4500 | ||
|---|---|---|---|
| 001 | 108176 | ||
| 003 | ES-MaACL | ||
| 005 | 20230906184608.0 | ||
| 007 | t| | ||
| 008 | 061121s1964 sp r ||||1| spa d | ||
| 100 | 1 |
_aMolist Pol, Esteban. _982025 |
|
| 245 | 1 | 3 |
_aEl `Diario de Barcelona` 1792-1963 _b: su historia, sus hombres y su proyección pública / _cEsteban Molist Pol. |
| 260 |
_aMadrid : _bEditora Nacional, _c1964. |
||
| 300 |
_a205 p., 25 lám ; _c24 cm. |
||
| 630 | 0 | 4 |
_aDiario de Barcelona. _9164744 |
| 852 |
_aES-MaACL _jC-26610 _bR.55643 |
||
| 999 |
_c108176 _d108176 |
||